000 00847nam a22002897a 4500
999 _c25449
_d25449
003 OSt
005 20210616102245.0
008 170320b xxu||||| |||| 00| 0 eng d
010 _a 00455016
020 _a1552210286
035 _a(CaONFJC)ct C00930567
040 _aMMU
_cMMU
_dMMU
_beng.
042 _apcc
043 _an-cn---
050 0 0 _aKE3247
_b.E537 2000
082 0 0 _a344.7101
_221
100 1 _aEngland, Geoff.
245 1 0 _aIndividual employment law /
_cGeoffrey England.
260 _aToronto, Ont. :
_bIrwin Law,
_c2000.
300 _axii, 421 p. ;
_c23 cm.
440 0 _aEssentials of Canadian law
500 _aIncludes bibliographical references and index.
650 0 _aLabor contract
_zCanada.
650 0 _aLabor laws and legislation
_zCanada.
650 0 _aEmployee rights
_zCanada.
942 _2lcc
_cLOAN LOAN